| 000 | 00649nam a22001937a 4500 | ||
|---|---|---|---|
| 010 | _aENG-143012 | ||
| 020 |
_a9789395422512 _c320.00 |
||
| 035 | _aEN-126544 | ||
| 037 | _bDBAD | ||
| 082 |
_a368 _21 |
||
| 100 |
_aDevi, P. Nithya _975077 |
||
| 245 |
_aInsurance Management/ _cby P. Nithya Devi; T, Deepa [and] A.R. Rithanu Banu |
||
| 260 |
_aTamil Nadu _bShanlax publications _c2022 |
||
| 270 |
_a61, 66 T.P.K. Main Road, Vasantha Nagar, _bMadurai, Tamil Nadu _e625003 |
||
| 300 |
_a19p. _bill _c22cm(pb) |
||
| 700 |
_aDeepa , T, _eAuthor _975078 |
||
| 700 |
_aBanu, A.R. Rithanu _eAuthor _975079 |
||
| 942 |
_2ddc _cEN _h368 _mDEV |
||
| 999 |
_c207640 _d207640 |
||